000 00909nam a2200265 4500
003 OSt
005 20260530113851.0
008 260420b2010 mx |||| |||| 00| 0 spa d
020 _a9789685852302
040 _aICI
_bspa
_cICI
050 _aNK1140
_bD46
100 1 _aIsabel Campi et Al
_931247
245 1 0 _aDiseño e Historia.
_btiempo, lugar y discurso
_cIsabel Campi, compiladora ; Oscar Salinas [ y otros seis]
264 1 _bDesignio
_c2010
_aMéxico
300 _a186 páginas
_c23.0 cm.
336 _atexto
_2rdacontent
337 _asin medio
_2rdamedia
338 _avolumen
_2rdacarrier
490 _aDesignio Teoría y práctica
500 _a"FHD: Fundació Historia del Diasseny, Fundación Historia del Diseño, Design History Foundation"
650 4 _aDiseño
_xHistoria
_91572
700 1 _aCampi, Isabel,
_e editor
700 1 _aSalinas Flores, Oscar,
_ecolaborador
942 _2ddc
_cBK
999 _c11459
_d11459